000 00633nam a2200205Ia 4500
003 GCL
008 140319s9999 xx 000 0 ara d
040 _aGCL /
_cGCL
082 0 4 _a709.1
_bم ا
100 1 _aمحمود ابراهيم حسين
245 1 0 _aاعلام المصورين المسلمين واشهر اعمالهم الفنية /
_cمحمود ابراهيم حسين
260 _a[S.N] :
_bمكتبة نهضة الشرق ،
_c1982
300 _a229 ص
490 _a
650 0 4 _aالفن
650 0 4 _aالتصوير
650 0 4 _aالمصورون
650 0 4 _aالفن الاسلامى
942 _2ddc
_cBK
999 _c35678
_d35678